| 000 | 00941nam a2200241 a 4500 | ||
|---|---|---|---|
| 005 | 20200104041538.0 | ||
| 008 | 140307b1998 ck ||||| |||| 00| 0 spa d | ||
| 040 |
_aCO-BoIAVH _cCO-BoIAVH |
||
| 041 | _aspa | ||
| 044 | _ack | ||
| 090 |
_aLB _b02810 |
||
| 100 |
_aParra Osorio, Carlos Alberto _918293 |
||
| 245 | _aCaracterísticas biológicas de Myrica pubescens Willd. (laurel de cera), historia del uso de su cera y consideraciones y métodos para el obtención de los datos de cuantificación dinámica del stock de árbol de laurel en la vereda de Patios | ||
| 260 |
_aBogotá _bArtesanías de Colombia _bFundación FES _bInstituto Alexander von Humboldt _c1998 |
||
| 300 | _a25 p. | ||
| 650 |
_aBotánica _9361 |
||
| 650 |
_aMorfología vegetal _918295 |
||
| 650 |
_aPlantas útiles _941660 |
||
| 650 |
_aCera _918297 |
||
| 650 |
_aUso sostenible _9344 |
||
| 662 |
_aColombia _cVereda Patios _dEncino _bSantander |
||
| 942 |
_cINFORME _2z |
||
| 999 |
_c3046 _d3046 |
||